| 000 | 00810cab a2200217 4500 | ||
|---|---|---|---|
| 001 | ABS37881 | ||
| 008 | 090401t1987 xxu||||| |||| 00| 0 eng d | ||
| 035 | _a(Sirsi) u7365 | ||
| 041 | _aeng | ||
| 100 | _aBond, R. | ||
| 245 | _aProsperity road? | ||
| 260 | _c1987 | ||
| 350 | _a0 | ||
| 490 |
_aSurveyor _v(Public Works Weekly) 168(4947) 4 June 1987, 12-14 |
||
| 520 | _aReports on the Longbridge section of the M40 extension and the effect this new road construction will have for the towns along its route. Pays particular attention to development in Banbury , Bicester , Warwick and Leamington Spa . | ||
| 650 | _aOXFORDSHIRE | ||
| 650 | _aPROPERTY-INFRASTRUCTURE-TRANSPORT INFRASTRUCTURE-ROAD INFRASTRUCTURE | ||
| 690 | _aHIGHWAYS RIGHTS OF WAY AND EASEMENTS | ||
| 942 | _n0 | ||
| 948 | _c04/03/1997 | ||
| 999 |
_c4443 _d4443 |
||